[Event "ROM-ch U08"]
[Site "Calimanesti Caciulata"]
[Date "2019.04.19"]
[Round "6"]
[White "Visan, Davian Stefan"]
[Black "Vulpescu, Tudor Stefan"]
[Result "1-0"]
[WhiteElo "1233"]
[BlackElo "1001"]
[PlyCount "63"]
[EventDate "2019.04.15"]
[EventType "swiss"]
[EventRounds "9"]
[EventCountry "ROU"]
[SourceTitle "CBM 190 Extra"]
[Source "ChessBase"]
[SourceDate "2019.07.15"]
[SourceVersion "1"]
[SourceVersionDate "2019.07.15"]
[SourceQuality "1"]

1. d4 d5 2. Nf3 Nc6 3. c4 e6 4. Nc3 Be7 5. e3 Nf6 6. Be2 dxc4 7. Bxc4 0-0 8. 0-0 Bd6 9. e4 e5 10. h3 Qe7 11. Re1 exd4 12. Nxd4 Qe5 13. Nf3 Qc5 14. Bb5 Ne7 15. e5 a6 16. Ba4 b5 17. exd6 bxa4 18. dxe7 Re8 19. Bg5 Nd7 20. Qd5 Qb4 21. Qxa8 Nb6 22. Qe4 Qxb2 23. Nxa4 Nxa4 24. Qxa4 Qb5 25. Qxb5 axb5 26. Rad1 h6 27. Rd8 Rxd8 28. exd8Q+ Kh7 29. Qd3+ f5 30. Re8 Bb7 31. Qxf5+ g6 32. Qf7# 1-0